Object oriented programming using C++ / (Record no. 39014)

MARC details
000 -LEADER
fixed length control field 00833nam a22002417a 4500
005 - DATE AND TIME OF LATEST TRANSACTION
control field 20100803152535.0
010 ## - LCCN (DPL NO)
LC control number ENG-97884
020 ## - INTERNATIONAL STANDARD BOOK NUMBER
International Standard Book Number 9788120339231
Terms of availability 175.00
035 ## - SYSTEM CONTROL NUMBER
System control number EN-81417
037 ## - SOURCE OF ACQUISITION
Source of stock number/acquisition DBAD/PUB
082 ## - DEWEY DECIMAL CLASSIFICATION NUMBER
Classification number 005.13
100 ## - MAIN ENTRY--PERSONAL NAME
Personal name Gopalan,N P
245 ## - TITLE STATEMENT
Title Object oriented programming using C++ /
Statement of responsibility, etc by N P Gopalan, B Sivaselvan [and] C Mala
260 ## - PUBLICATION, DISTRIBUTION, ETC. (IMPRINT)
Place of publication, distribution, etc New Delhi
Name of publisher, distributor, etc PHI Learning
Date of publication, distribution, etc 2010
270 ## - ADDRESS
Address M-97 Connaught Circus
City New Delhi
Postal code 110001
300 ## - PHYSICAL DESCRIPTION
Extent xiii,189p
Dimensions 23cm(pbk)
500 ## - GENERAL NOTE
General note includes index
650 ## - SUBJECT ADDED ENTRY--TOPICAL TERM
Topical term or geographic name as entry element Computer programm language
700 ## - ADDED ENTRY--PERSONAL NAME
Personal name Sivaselvan, B
700 ## - ADDED ENTRY--PERSONAL NAME
Personal name Mala, C
9 (RLIN) 5352
942 ## - ADDED ENTRY ELEMENTS (KOHA)
Source of classification or shelving scheme Dewey Decimal Classification
Item type English Books
Classification part 005.13
Call number suffix GOP
Holdings
Withdrawn status Lost status Not for loan Collection code Home library Current library Date acquired Source of acquisition Cost, normal purchase price Full call number Barcode Copy number Cost, replacement price Koha item type
    Not For Loan Non-fiction D.B.Act.Division D.B.Act.Division 03/08/2010 DBAD/PUB 175.00 005.13 GOP EN-81417 1 175.00 English Books

© Delhi Public Library
Hit Counter
free hit counter